Sustainable cities programme : (Record no. 12810)

MARC details
000 -LEADER
fixed length control field 00548nam a22001932 4500
001 - CONTROL NUMBER
control field 0000003297
005 - DATE AND TIME OF LATEST TRANSACTION
control field 20151217155820.0
008 - FIXED-LENGTH DATA ELEMENTS--GENERAL INFORMATION
fixed length control field 070503s xx 000 0 eng d
040 ## - CATALOGING SOURCE
Original cataloging agency KABU
Transcribing agency KABU
050 #0 - LIBRARY OF CONGRESS CALL NUMBER
Classification number HT166
Item number .S87 1998
245 10 - TITLE STATEMENT
Title Sustainable cities programme :
Remainder of title approach and implementation.
250 ## - EDITION STATEMENT
Edition statement 2nd ed.
260 ## - PUBLICATION, DISTRIBUTION, ETC. (IMPRINT)
Place of publication, distribution, etc. Nairobi :
Name of publisher, distributor, etc. Habitat,
Date of publication, distribution, etc. 1998.
300 ## - PHYSICAL DESCRIPTION
Extent viii, 61, xviii p.
650 #0 - SUBJECT ADDED ENTRY--TOPICAL TERM
Topical term or geographic name as entry element City planning.
-- 0000047171
908 ## - PUT COMMAND PARAMETER (RLIN)
Put command parameter 070503
950 ## - LOCAL HOLDINGS (RLIN)
-- 1
Holdings
Withdrawn status Lost status Source of classification or shelving scheme Not for loan Home library Current library Date acquired Total Checkouts Full call number Barcode Date last seen Price effective from Koha item type
    Library of Congress Classification   Kabarak, Main Campus Kabarak, Main Campus 17/12/2015   HT166 .S87 1998 c. 1 001939 17/12/2015 17/12/2015 Africana Collection
Designed with assistance from East African Informatics Ltd